| 000 | 00511nam a2200133Ia 4500 | ||
|---|---|---|---|
| 005 | 20260209120148.0 | ||
| 008 | 260209s9999||||xx |||||||||||||| ||und|| | ||
| 100 | _aVaishnavi P | ||
| 245 | 0 | _aCritical analysis of the issues faced by the e-commerce sector under GST in India | |
| 260 |
_aBangaloreBangalore _bNLSIU, Bangalore _c2023 |
||
| 300 | _a39 p. ; 25 cm. | ||
| 700 | _aMs. Sanyukta Chowdhury – Supervisor Ms. Sanyukta Chowdhury – Supervisor | ||
| 856 | _uhttps://dans.nls.ac.in/handle/123456789/1228 | ||
| 999 |
_c217622 _d217622 |
||